000 00886nam a22002897a 4500
001 BR9801903
003 BR-BrBNA
005 20230928095907.0
007 ta
008 230509b bl.||||| |||| 00| 0 por d
040 _aBR-BrBNA
_bpor
_cBiblioteca Nacional de Agricultura
041 _a(Por)
072 _aC20
_b6100
090 _ 6100 BR9801903
110 1 _aAssociacao Paranaense de Avicultura, Curitiba, PR (Brasil)
_9722
245 1 _a2. Curso de atualizacao e transferencia de tecnologia avicola, para formacao de mao de obra de avicultores no Estado de Parana
_bSerie metodica: Postura de ovos comerciais
260 3 _aCuritiba, PR (Brasil):
_c[nd].
300 _avp.
650 _aFrango
650 _aPostura
650 _aTreinamento
650 _aCurso
650 _aExtensao Rural
650 _aParana
909 _a202309
_bLucia
_c55
_dLucia Elande
942 _cBK
999 _c59265
_d59265